| 000 | 01110 a2200241 4500 | ||
|---|---|---|---|
| 999 |
_c9838 _d9838 |
||
| 020 | _a9780521898904 | ||
| 050 | 0 | 0 | _aK 4610 BOS 2017 |
| 100 | 1 |
_aBossche, Peter van den. _eauthor |
|
| 245 | 1 | 4 |
_aThe law and policy of the World Trade Organization : _btext, cases, and materials / _cPeter van den Bossche. |
| 250 | _a4th ed. | ||
| 264 |
_aNew York : _bCambridge University press, _c2017 |
||
| 300 |
_ali, 917 p. : _bill. ; |
||
| 500 | _aIncludes bibliographical references and index | ||
| 504 | _aIncludes bibliographical references and index | ||
| 650 | 0 | _aForeign trade regulation. | |
| 650 | 0 |
_aTariff _xLaw and legislation. |
|
| 700 |
_aZdouc, Werner _eauthor |
||
| 856 | 4 | 2 |
_3Contributor biographical information _uhttp://www.loc.gov/catdir/enhancements/fy0903/2008279100-b.html |
| 856 | 4 | 2 |
_3Publisher description _uhttp://www.loc.gov/catdir/enhancements/fy0903/2008279100-d.html |
| 856 | 4 | 1 |
_3Table of contents only _uhttp://www.loc.gov/catdir/enhancements/fy0903/2008279100-t.html |
| 942 |
_2lcc _cBK _e4th ed. _h4610 _iBOS _kK |
||